<?xml version="1.0" encoding="UTF-8"?><?xml-stylesheet type="text/xsl" href="static/style.xsl"?><OAI-PMH xmlns="http://www.openarchives.org/OAI/2.0/" xmlns:xsi="http://www.w3.org/2001/XMLSchema-instance" xsi:schemaLocation="http://www.openarchives.org/OAI/2.0/ http://www.openarchives.org/OAI/2.0/OAI-PMH.xsd"><responseDate>2026-04-29T09:18:55Z</responseDate><request verb="GetRecord" identifier="oai:riubu.ubu.es:10259/10291" metadataPrefix="marc">https://riubu.ubu.es/oai/request</request><GetRecord><record><header><identifier>oai:riubu.ubu.es:10259/10291</identifier><datestamp>2025-03-10T08:05:16Z</datestamp><setSpec>com_10259_4244</setSpec><setSpec>com_10259_5086</setSpec><setSpec>com_10259_2604</setSpec><setSpec>col_10259_4569</setSpec></header><metadata><record xmlns="http://www.loc.gov/MARC21/slim" xmlns:doc="http://www.lyncode.com/xoai" xmlns:xsi="http://www.w3.org/2001/XMLSchema-instance" xmlns:dcterms="http://purl.org/dc/terms/" xsi:schemaLocation="http://www.loc.gov/MARC21/slim http://www.loc.gov/standards/marcxml/schema/MARC21slim.xsd">
<leader>00925njm 22002777a 4500</leader>
<datafield tag="042" ind1=" " ind2=" ">
<subfield code="a">dc</subfield>
</datafield>
<datafield tag="720" ind1=" " ind2=" ">
<subfield code="a">Benito Román, Oscar</subfield>
<subfield code="e">author</subfield>
</datafield>
<datafield tag="720" ind1=" " ind2=" ">
<subfield code="a">Menalla, Enkeledo</subfield>
<subfield code="e">author</subfield>
</datafield>
<datafield tag="720" ind1=" " ind2=" ">
<subfield code="a">Cantero, Danilo</subfield>
<subfield code="e">author</subfield>
</datafield>
<datafield tag="720" ind1=" " ind2=" ">
<subfield code="a">Sanz Díez, Mª Teresa</subfield>
<subfield code="e">author</subfield>
</datafield>
<datafield tag="720" ind1=" " ind2=" ">
<subfield code="a">Beltrán Calvo, Sagrario</subfield>
<subfield code="e">author</subfield>
</datafield>
<datafield tag="260" ind1=" " ind2=" ">
<subfield code="c">2024-05</subfield>
</datafield>
<datafield tag="520" ind1=" " ind2=" ">
<subfield code="a">The increasing interest of pectin derived compounds as functional additives in the&#xd;
pharmaceutical and food industries demands new sources and eco-friendly&#xd;
extraction approaches. In this regard, onion peel wastes (OPW) hold great potential,&#xd;
with over 450,000 tons of OPW being discarded annually [1], despite their&#xd;
remarkable pectin content. Pectins are commonly extracted acid hydrolysis (pH 2,&#xd;
>85 °C), that yield mainly the HG domain, due to complete hydrolysis of the&#xd;
branched domains or enzymatic hydrolysis, which is time consuming, but yields&#xd;
branched pectin rich in RG-I and RG-II domains. As an alternative to the&#xd;
conventional process for producing pectin derived compounds (PDC),&#xd;
hydrothermal hydrolysis based on subcritical water (SubW) is emerging as an eco-friendly technique. SubW refers to water at temperatures ranging from 100 °C&#xd;
(boiling temperature) to 374 °C (critical temperature), which remains in a liquid state&#xd;
due to the application of pressure. SubW can facilitate the extraction of pectin from&#xd;
natural matrices, and by controlling the operational parameters, pectin can be&#xd;
tailored into smaller units with varying degrees of polymerization to produce PDC.&#xd;
However, in practice, accurate control of experimental conditions has emerged as&#xd;
the primary challenge of the SubW extraction process, which can lead to the&#xd;
formation of undesired degradation products, and uncontrolled molecular weight&#xd;
reduction of the pectin.</subfield>
</datafield>
<datafield tag="024" ind2=" " ind1="8">
<subfield code="a">978-961-286-890-1</subfield>
</datafield>
<datafield tag="024" ind2=" " ind1="8">
<subfield code="a">http://hdl.handle.net/10259/10291</subfield>
</datafield>
<datafield tag="024" ind2=" " ind1="8">
<subfield code="a">10.18690/um.fkkt.2.2024</subfield>
</datafield>
<datafield tag="245" ind1="0" ind2="0">
<subfield code="a">Reactor configuration for subcritical water extraction of pectin-derived compounds from onion peel wastes: a comparative study</subfield>
</datafield>
</record></metadata></record></GetRecord></OAI-PMH>